Gandhi is gone: (Record no. 61349)
[ view plain ]
| 000 -LEADER | |
|---|---|
| fixed length control field | 01714nam a22002537a 4500 |
| 005 - DATE AND TIME OF LATEST TRANSACTION | |
| control field | 20120123113245.0 |
| 010 ## - LCCN (DPL NO) | |
| LC control number | B-445674-678 |
| 020 ## - INTERNATIONAL STANDARD BOOK NUMBER | |
| International Standard Book Number | 9788178242545 |
| Terms of availability | 195.00 |
| 035 ## - SYSTEM CONTROL NUMBER | |
| System control number | B-445674-678 |
| 037 ## - SOURCE OF ACQUISITION | |
| Stock number | dpl |
| Source of stock number/acquisition | Pub |
| 082 ## - DEWEY DECIMAL CLASSIFICATION NUMBER | |
| Classification number | 301.153 |
| 100 ## - MAIN ENTRY--PERSONAL NAME | |
| Personal name | Azad, Nehru Prasad |
| 245 ## - TITLE STATEMENT | |
| Title | Gandhi is gone: |
| Remainder of title | who will guide us now ? / |
| Statement of responsibility, etc | by Nehru Prasad, Azad, Vinoba, Kripalani, JP, and others introspect; edited by Gopalkrishna Gandhi |
| 260 ## - PUBLICATION, DISTRIBUTION, ETC. (IMPRINT) | |
| Place of publication, distribution, etc | Ranikhet |
| Name of publisher, distributor, etc | Permanent Black |
| Date of publication, distribution, etc | 2011 |
| 270 ## - ADDRESS | |
| Address | Himalayana, Mall Road, Ranikhet Cantt |
| City | Ranikhet |
| Postal code | 263645 |
| Electronic mail address | Email:perblack@gmail.com |
| 300 ## - PHYSICAL DESCRIPTION | |
| Extent | 192p. |
| Dimensions | 21cm(pbk) |
| 942 ## - ADDED ENTRY ELEMENTS (KOHA) | |
| Source of classification or shelving scheme | Dewey Decimal Classification |
| Item type | English Books |
| Call number suffix | AZA |
| Classification part | 301.153 |
| Withdrawn status | Lost status | Not for loan | Collection code | Home library | Current library | Date acquired | Source of acquisition | Cost, normal purchase price | Full call number | Barcode | Copy number | Cost, replacement price | Koha item type |
|---|---|---|---|---|---|---|---|---|---|---|---|---|---|
| Non-fiction | Central Library | Central Library | 02/02/2012 | Allied Pub/1143/26.09.2011/04/15.09.2011/09.11.2011 | 195.00 | 301.153 AZA | B-445674 | 1 | 195.00 | English Books | |||
| Non-fiction | Karol Bagh | Karol Bagh | 02/02/2012 | Allied Pub/1143/26.09.2011/04/15.09.2011/09.11.2011 | 195.00 | 301.153 AZA | B-445677 | 1 | 195.00 | English Books | |||
| Non-fiction | Patel Nagar | Patel Nagar | 02/02/2012 | Allied Pub/1143/26.09.2011/04/15.09.2011/09.11.2011 | 195.00 | 301.153 AZA | B-445675 | 1 | 195.00 | English Books | |||
| Non-fiction | Sarojini Nagar | Sarojini Nagar | 02/02/2012 | Allied Pub/1143/26.09.2011/04/15.09.2011/09.11.2011 | 195.00 | 301.153 AZA | B-445676 | 1 | 195.00 | English Books | |||
| Non-fiction | Shahdara Branch | Shahdara Branch | 02/02/2012 | Allied Pub/1143/26.09.2011/04/15.09.2011/09.11.2011 | 195.00 | 301.153 AZA | B-445678 | 1 | 195.00 | English Books |
